000 00244nam a2200097Ia 4500
001 737090
005 20250826163925.0
008 250824s9999 xx 000 0 und d
245 0 _aTEKİN YILDIZI
_cALİ SAÇIKARA
260 _bATLI KARINCA YAYINLARI
999 _c737090
_d737090